000 00385nam a2200169Ia 4500
001 14446
003 IN-NITTTR
005 20251114233136.0
008 251113s9999||||xx |||||||||||||| ||eng||
040 _beng
040 _cIN-NITTTR
041 _aeng
082 _a670 H274M
100 _aHaslehurst, M.
245 0 _aManufacturing Technology. /
_cHaslehurst, M.
942 _2ddc
_cBK
999 _c17082
_d17082